Arte y deshonra
সংরক্ষণ করুন:
| প্রধান লেখক: | |
|---|---|
| বিন্যাস: | গ্রন্থ |
| ভাষা: | স্প্যানিশ |
| প্রকাশিত: |
Santiago
Museo de la Memoria y los Derechos Humanos
2013
|
| সংস্করন: | 1a. ed |
| মালা: | Signos de la Memoria
|
| বিষয়গুলি: | |
| ট্যাগগুলো: |
ট্যাগ যুক্ত করুন
কোনো ট্যাগ নেই, প্রথমজন হিসাবে ট্যাগ করুন!
|
MARC
| LEADER | 00000cam a2200000 a 4500 | ||
|---|---|---|---|
| 001 | UCD3653 | ||
| 003 | CL-VaPUC | ||
| 008 | 160616e20130000cl |||||||||||||||||spa|d | ||
| 020 | |a 9789569144141 | ||
| 082 | 0 | 4 | |a 700.9 |b CAM |2 21 |
| 100 | 0 | |a Camnitzer, Luis |e author |9 587206 | |
| 245 | 1 | 0 | |a Arte y deshonra |
| 250 | |a 1a. ed | ||
| 300 | |a 57 p | ||
| 942 | |c BK | ||
| 945 | |d 20160616 22:39:00 |a dcastane | ||
| 260 | |a Santiago |b Museo de la Memoria y los Derechos Humanos |c 2013 | ||
| 650 | 0 | |a Arte conceptual |9 341272 | |
| 650 | 0 | |a Crítica e interpretación |9 255042 | |
| 583 | |a last modification |c 20160616 22:39:00 |k Rodrigo Vera | ||
| 490 | 0 | |a Signos de la Memoria | |
| 999 | |c 364680 |d 364678 | ||
| 952 | |0 0 |1 0 |3 erb |4 0 |6 700_900000000000000_CAM_2013 |7 0 |8 R |9 478242 |a BIBART |b BIBART |i 5292816 |o 700.9 CAM 2013 |p 5292816 |r 2025-03-13 |w 2019-11-24 |y BK_R |z Catalogado en:20160616 |k ART | ||